| 000 | 01406nem2a2200289 4500 | ||
|---|---|---|---|
| 001 | RU\NLR\DIGIT\96764 | ||
| 005 | 20250613211554.0 | ||
| 035 | _a(NLR Aleph) 010154372 | ||
| 090 |
_a10079943 _c10079943 |
||
| 100 | _a20100317j1915 |||y0rusy50 ca | ||
| 101 | 0 | _arus | |
| 102 | _aRU | ||
| 135 | _acoco 024apabr | ||
| 200 | 1 |
_aРяд IV, л. 3 _eЭстляндская губ. _eЛифляндская губ |
|
| 210 |
_d1915 _aБ. м. |
||
| 215 | _a1 л | ||
| 325 | _aКопия доступна в Электрон. б-ке РНБ http://vivaldi.nlr.ru/cm000010012/open | ||
| 461 | 0 |
_1001RU\NLR\DIGIT\96639 _12001#$vРяд IV, л. 3$aВоенно-топографическая карта Европейской России _910078482 _cПетроград _d1909-1917 _nлит. картогр. заведения Военно-топограф. отдела _tВоенно-топографическая карта Европейской России _vРяд IV, л. 3$aВоенно-топографическая карта Европейской России |
|
| 620 | _aРоссия | ||
| 801 | 2 |
_aRU _bNLR _c20100317 _2rusmarc |
|
| 852 |
_aNLR _jК 3-РоссЕ 3/442 |
||
| 942 | _cMAP | ||
| 980 | _aNB | ||
| 981 | 3 | 6 | _a(36) Цифровой репозиторий РНБ |
| 981 | 1 | 9 | _a(19) Картографические материалы |